000 00606nam a22002537a 4500
003 UA-OsUOA
001 24551
007 ta
008 20040220b un ||||| |||| 00| 0 ukr d
100 _aКитинг Д.
090 _a004.4
_bД 42
942 _cBK
040 _aUA-OsUOA
_brus
_cUA-OsUOA
_dUA-OsUOA
245 _aFlash MX/ Искусство создания WEB-сайтов
300 _a848 с.
955 _a0
041 _arus
080 _a004.4
020 _a5-93772-080-6
260 _aСПб
_bОООДиаСофт ЮП
_c2003
044 _aRU
650 7 _2UDC
999 _c310829
_d310829